La cámara : (Registro nro. 5001)
[ vista simple ]
| 000 -LEADER | |
|---|---|
| fixed length control field | 00749nam a22002297a 4500 |
| 003 - CONTROL NUMBER IDENTIFIER | |
| control field | PE SENCICO BE |
| 005 - DATE AND TIME OF LATEST TRANSACTION | |
| control field | 20251020182708.0 |
| 008 - FIXED-LENGTH DATA ELEMENTS--GENERAL INFORMATION | |
| fixed length control field | 240708b |||||||| |||| 00| 0 eng d |
| 040 ## - CATALOGING SOURCE | |
| Original cataloging agency | PE SENCICO BE |
| Transcribing agency | PE SENCICO BE |
| 041 ## - LANGUAGE CODE | |
| Language code of text/sound track or separate title | spa |
| 110 1# - MAIN ENTRY--CORPORATE NAME | |
| 9 (RLIN) | 2386 |
| Corporate name or jurisdiction name as entry element | Cámara de Comercio de Lima |
| 245 1# - TITLE STATEMENT | |
| Title | La cámara : |
| Remainder of title | la revista de la CCL / |
| Statement of responsibility, etc. | Cámara de Comercio de Lima |
| 260 ## - PUBLICATION, DISTRIBUTION, ETC. | |
| Place of publication, distribution, etc. | Lima : |
| Name of publisher, distributor, etc. | Cámara de Comercio de Lima ; |
| Date of publication, distribution, etc. | 2016 - |
| 300 ## - PHYSICAL DESCRIPTION | |
| Extent | v. |
| Other physical details | il. col. ; |
| Dimensions | 29 cm. |
| 500 ## - GENERAL NOTE | |
| General note | Descripción basada en: N° 711, del 01 al 07 de febrero de 2016 |
| 650 10 - SUBJECT ADDED ENTRY--TOPICAL TERM | |
| 9 (RLIN) | 1490 |
| Topical term or geographic name entry element | Comercio |
| 650 20 - SUBJECT ADDED ENTRY--TOPICAL TERM | |
| 9 (RLIN) | 2387 |
| Topical term or geographic name entry element | Comercio internacional |
| 650 20 - SUBJECT ADDED ENTRY--TOPICAL TERM | |
| 9 (RLIN) | 2388 |
| Topical term or geographic name entry element | Perú |
| 650 20 - SUBJECT ADDED ENTRY--TOPICAL TERM | |
| 9 (RLIN) | 419 |
| Topical term or geographic name entry element | Planificación empresarial |
| 910 ## - USER-OPTION DATA (OCLC) | |
| User-option data | hfp |
| -- | hfp |
| -- | hfp |
| 942 ## - ADDED ENTRY ELEMENTS (KOHA) | |
| Koha item type | Revista |
| Fecha de la última vez que lo usaron | Pago total | Signatura topográfica completa | Código de barras | Precio efectivo desde | Tipo de documento | Estado perdido | Estado dañado | No es para préstamo | Retirado | Ubicación permanente | Ubicación actual | Fecha de adquisición |
|---|---|---|---|---|---|---|---|---|---|---|---|---|
| 08/07/2024 | No. 711; 1 - 7 de febrero de 2016 | BibLima24070056 | 08/07/2024 | Revista | Biblioteca Central Lima | Biblioteca Central Lima | 08/07/2024 | |||||
| 08/07/2024 | No. 733; 4 - 10 de julio de 2016 | BibLima24070057 | 08/07/2024 | Revista | Biblioteca Central Lima | Biblioteca Central Lima | 08/07/2024 | |||||
| 08/07/2024 | No. 748; 24 - 30 oct. de 2016 | BibLima24070058 | 08/07/2024 | Revista | Biblioteca Central Lima | Biblioteca Central Lima | 08/07/2024 | |||||
| 08/07/2024 | No. 749; 31 oct. - 6 de nov. de 2016 | BibLima24070059 | 08/07/2024 | Revista | Biblioteca Central Lima | Biblioteca Central Lima | 08/07/2024 |